01066 2200385 4500001002100000005001500021035002500036008004100061020001800102082001800120100001700138245008900155250002600244260002800270300002500298500003600323650001300359700002300372850001200395980001300407985000600420040001200426041001300438490002200451505006700473084002000540990001500560990001500575990001500590990001500605990001500620990001500635990001500650990001500665YOGYA-0209000000305820180704040256 a0010-020900000003058 ind  a979-431-129-404223a616.849821 aTyrer, Peter1 aMengatasi insomnia (kesulitan tidur) /cPeter Tyrer; alih bahasa, Yustina Rostiawati aCetakan VI tahun 1993 aJakarta :bArcan,c1993 a164 halaman ;c19 cm aJudul asli: how to sleep better 4aInsomnia0 aYUSTINA ROSTIAWATI aYOPDYOG a06-01-06 a1 aYOPDYOG1 aindheng aPsikologi populer aTeks dalam Bahasa Indonesia, diterjemahkan dari Bahasa Inggris a616.84982 TYR m a65627-P/95 a41472-P/93 a41473-P/93 a52488-P/94 a65627-P/95 a41472-P/93 a41473-P/93 a52488-P/94